[Event "?"]
[Site "Sportland NRW-Cup"]
[Date "2000.??.??"]
[Round "?"]
[White "Naiditsch, Arkadij"]
[Black "Lemmers, Oscar"]
[Result "1/2-1/2"]
[WhiteElo "2445"]
[BlackElo "2390"]

1. e4 c5 2. Nf3 e6 3. d4 cxd4 4. Nxd4 a6 5. Bd3 Bc5 6. Nb3 Be7 7. Qg4 g6 8.
Qe2 d6 9. O-O Nd7 10. Nc3 Qc7 11. Kh1 Bf8 12. f4 Bg7 13. Bd2 Ngf6 14. a4 b6
15. Qf2 O-O 16. Qh4 Bb7 17. Rae1 Rfe8 18. Nd4 Qc5 19. Nf3 Qh5 20. Qg3 Qg4
21. Qf2 Qh5 22. Ng5 Ng4 23. Qg3 h6 24. Nf3 f5 25. h3 Rac8 26. Nh2 Nxh2 27.
Kxh2 fxe4 28. Nxe4 Bxe4 29. Bxe4 Kh7 30. b4 d5 31. Bd3 e5 32. fxe5 Rxe5 33.
Rf7 Rxe1 34. Bxe1 Ne5 35. Re7 Nxd3 36. cxd3 Qf5 37. Qd6 Rc2 38. Bg3 Qf3 39.
Rxg7+ Kxg7 40. Be5+ Kf7 41. Qd7+ Kf8 42. Qg7+ Ke8 43. Qxg6+ Ke7 44. Qd6+
1/2-1/2

[Event "?"]
[Site "18th Belgrade Trophy, Obrenovac SCG"]
[Date "2005.??.??"]
[Round "6"]
[White "Vujacic, Borivoje"]
[Black "Cabrilo, Goran"]
[Result "1/2-1/2"]
[WhiteElo "2375"]
[BlackElo "2460"]

1. e4 c5 2. Nf3 e6 3. d4 cxd4 4. Nxd4 a6 5. Bd3 Bc5 6. Nb3 Be7 7. Qg4 g6 8.
Qe2 d6 9. O-O Nd7 10. Na3 Qc7 11. Nc4 b6 12. a4 Bb7 13. Bf4 Ngf6 14. Bh6 d5
15. Ncd2 Bf8 16. Bxf8 Kxf8 17. c4 dxe4 18. Nxe4 Bxe4 19. Bxe4 Rb8 20. Bf3
Kg7 21. Rfd1 Nc5 22. Qe3 Nxb3 23. Qxb3 a5 24. Qc3 Rbc8 25. Rac1 Qc5 26. Qd4
e5 27. Qxc5 bxc5 28. Rd6 e4 29. Be2 Rb8 30. Rc2 Rb4 31. Rc6 Rhb8 32. Kf1
Rxa4 33. Ke1 Ra2 34. Rxc5 a4 35. Ra5 Rbxb2 36. Rxb2 Rxb2 37. Rxa4 Nd7 38.
Ra5 Kf6 39. f3 exf3 40. Bxf3 Ne5 1/2-1/2

[Event "?"]
[Site "Inautomarket Open, Minsk BLR"]
[Date "2006.??.??"]
[Round "6"]
[White "Kolesnik, Eduard"]
[Black "Lutsko, Igor"]
[Result "0-1"]
[WhiteElo "2385"]
[BlackElo "2450"]

1. e4 c5 2. Nf3 e6 3. d4 cxd4 4. Nxd4 a6 5. Bd3 Bc5 6. Nb3 Be7 7. Nc3 Nc6
8. f4 d6 9. Qf3 Nf6 10. Be3 Qc7 11. g4 b5 12. g5 Nd7 13. h4 Bb7 14. a4 bxa4
15. Nxa4 Nb4 16. Nc3 f5 17. Na5 fxe4 18. Bxe4 d5 19. Bd3 O-O 20. Nxb7 Qxb7
21. O-O e5 22. Bc4 Nb6 23. Bb3 Kh8 24. Qg2 exf4 25. Rxf4 Rxf4 26. Bxf4 Qc6
27. Re1 Bd6 28. Bxd6 Qxd6 29. Qh2 Qd7 30. Qf4 a5 31. h5 d4 32. Ne4 0-1

[Event "?"]
[Site "Apeldoorn Open rapid"]
[Date "2001.??.??"]
[Round "?"]
[White "Hristodorescu, Daniel"]
[Black "Epishin, Vladimir V"]
[Result "0-1"]
[WhiteElo "2255"]
[BlackElo "2575"]

1. e4 c5 2. Nf3 e6 3. d4 cxd4 4. Nxd4 a6 5. Bd3 Bc5 6. Nb3 Be7 7. Nc3 d6 8.
f4 Nf6 9. Qf3 e5 10. a4 Nc6 11. f5 Nb4 12. a5 Bd7 13. Nd2 Rc8 14. Qe2 O-O
15. Nc4 d5 16. Nb6 dxe4 17. Nxe4 Nxd3+ 18. Qxd3 Bb5 19. Nxf6+ Bxf6 20. Qxd8
Rcxd8 21. Be3 e4 22. Rb1 Rfe8 23. c4 Bc6 24. Ke2 Re5 25. b4 Rxf5 26. Rhd1
h5 27. Rxd8+ Bxd8 28. Nc8 h4 29. Na7 Ba4 0-1

[Event "?"]
[Site "ASLK Leuven"]
[Date "1998.??.??"]
[Round "?"]
[White "Geenen, Marc"]
[Black "Akesson, Ralf"]
[Result "1/2-1/2"]
[WhiteElo "2325"]
[BlackElo "2505"]

1. e4 c5 2. Nf3 e6 3. d4 cxd4 4. Nxd4 a6 5. Bd3 Bc5 6. Nb3 Be7 7. Nc3 d6 8.
O-O Nf6 9. f4 Nbd7 10. Qf3 Qc7 11. Bd2 b6 12. Rae1 Bb7 13. Qh3 h5 14. f5 e5
15. a4 Bc6 16. Qg3 b5 17. axb5 axb5 18. Bg5 Qb7 19. Nd2 h4 20. Bxh4 Nc5 21.
Bxf6 Bxf6 22. Qf3 Qb6 23. Kh1 Rh4 24. g3 1/2-1/2

[Event "?"]
[Site "Gibtele Masters"]
[Date "2004.??.??"]
[Round "?"]
[White "Bakre, Tejas"]
[Black "McNab, Colin A"]
[Result "1/2-1/2"]
[WhiteElo "2445"]
[BlackElo "2385"]

1. e4 c5 2. Nf3 e6 3. d4 cxd4 4. Nxd4 a6 5. Bd3 Bc5 6. Nb3 Be7 7. O-O d6 8.
f4 Nd7 9. Qf3 Qc7 10. Nc3 Ngf6 11. Bd2 b6 12. Rae1 Bb7 13. Qh3 h5 14. a4
Nc5 15. Nxc5 Qxc5+ 16. Be3 Qb4 17. Bd2 Qc5+ 18. Be3 Qb4 19. Bd2 Qc5+
1/2-1/2

[Event "?"]
[Site "Ch Open Pula CRO"]
[Date "1999.??.??"]
[Round "?"]
[White "Armanda, Ivica"]
[Black "Fercec, Nenad"]
[Result "0-1"]
[WhiteElo "2335"]
[BlackElo "2495"]

1. e4 c5 2. Nf3 e6 3. d4 cxd4 4. Nxd4 a6 5. Bd3 Bc5 6. Nb3 Be7 7. c4 d6 8.
O-O Nf6 9. Nc3 Nbd7 10. Be3 b6 11. Nd4 Bb7 12. Rc1 O-O 13. b3 Rc8 14. Nb1
Re8 15. f4 g6 16. f5 exf5 17. exf5 Ne5 18. Bf4 Nh5 19. fxg6 hxg6 20. g3 Bg5
21. Qd2 Nxf4 22. gxf4 Bh6 23. Qf2 Ng4 24. Qg3 Qf6 25. Qxg4 Qxd4+ 26. Rf2
Rc7 27. Qg3 Rce7 28. Rf1 Re3 29. Qh4 Qc3 30. f5 Rh3 31. fxg6 Rxh4 32. gxf7+
Kf8 33. fxe8=Q+ Kxe8 0-1

[Event "?"]
[Site "CZE-chT B1 corr ;Corr 2004"]
[Date "2003.??.??"]
[Round "?"]
[White "Hostinsky, Jiri"]
[Black "Zpevak, Pavel"]
[Result "1-0"]
[WhiteElo "2430"]
[BlackElo "2400"]

1. e4 c5 2. Nf3 e6 3. d4 cxd4 4. Nxd4 a6 5. Bd3 Bc5 6. Nb3 Be7 7. Nc3 d6 8.
f4 Qc7 9. Qf3 Nf6 10. O-O Nbd7 11. Bd2 b6 12. Rae1 Bb7 13. Qh3 e5 14. Kh1
O-O 15. Nd5 Bxd5 16. exd5 Rfe8 17. c4 b5 18. Ba5 Qb7 19. Bc3 bxc4 20. Bxc4
Bd8 21. Nd2 exf4 22. Rxe8+ Nxe8 23. Bd3 Ndf6 24. Re1 h6 25. Qf5 Kf8 26. Bc4
g5 27. Qh3 Ng8 28. Ne4 Qc8 29. Qd3 Bb6 30. a4 Be3 31. Rf1 Ne7 32. Ng3 Kg8
33. Re1 Ng7 34. Rxe3 fxe3 35. Qd4 Qf8 36. Nh5 Nef5 37. Nf6+ Kh8 38. Qd3 Ra7
39. g4 Re7 40. Qc2 Rc7 41. b3 Qc8 42. gxf5 Rxc4 43. bxc4 Qxc4 44. Kg2 e2
45. Qb1 1-0

[Event "?"]
[Site "23rd Liechtenstein Open ;The W"]
[Date "2005.??.??"]
[Round "7"]
[White "Srienz, C"]
[Black "Kritz, Leonid"]
[Result "0-1"]
[WhiteElo "2285"]
[BlackElo "2545"]

1. e4 c5 2. Nf3 e6 3. d4 cxd4 4. Nxd4 a6 5. Bd3 Bc5 6. Nb3 Be7 7. O-O d6 8.
Qe2 Qc7 9. f4 Nd7 10. N1d2 Ngf6 11. Nf3 O-O 12. Bd2 e5 13. Rae1 b5 14. Rc1
Qb6+ 15. Kh1 exf4 16. Bxf4 Bb7 17. Be3 Qd8 18. Bd2 Rc8 19. Ba5 Qe8 20. c4
bxc4 21. Bxc4 Nb8 22. Nfd2 Qa4 23. Bc3 Nc6 24. Nc5 dxc5 25. b3 Nd4 26. Bxd4
Qa5 27. Bc3 Qb6 28. Bd5 Nxd5 29. exd5 Bg5 30. Rce1 Qh6 31. d6 Bf4 32. Rxf4
Qxf4 33. Nc4 Qg5 34. Be5 Rcd8 35. Qf2 Rfe8 36. Bg3 Rxe1+ 37. Qxe1 Qd5 38.
Qf2 Re8 39. h3 f5 40. Kh2 f4 41. Bxf4 Rf8 42. Ne3 Qf7 43. d7 g5 44. Ng4
Qxf4+ 45. Qxf4 gxf4 46. Nh6+ Kg7 47. Nf5+ Kf6 48. Nd6 Bc6 0-1

[Event "?"]
[Site "29th Elekes Mem GM, Budapest H"]
[Date "2004.??.??"]
[Round "10"]
[White "Medvegy, Nora"]
[Black "Fogarasi, Tibor"]
[Result "1/2-1/2"]
[WhiteElo "2365"]
[BlackElo "2465"]

1. e4 c5 2. Nf3 e6 3. d4 cxd4 4. Nxd4 a6 5. Bd3 Bc5 6. Nb3 Be7 7. Qg4 g6 8.
Qe2 d6 9. O-O Nd7 10. Nc3 b6 11. Bd2 Ngf6 12. Bh6 Bf8 13. Bxf8 Kxf8 14. f4
e5 15. Bc4 Kg7 16. a4 Bb7 17. Rf2 exf4 18. Rxf4 Qe7 19. Raf1 Rhf8 20. Nd4
Qe5 21. Qf2 Rac8 22. b3 Rc5 23. Kh1 Rcc8 24. Qd2 Rce8 25. Nf3 Qc5 26. Bd5
Bxd5 27. exd5 1/2-1/2

[Event "?"]
[Site "Hoogovens-B Wijk aan Zee"]
[Date "1972.??.??"]
[Round "?"]
[White "Karaklajic, Nikola"]
[Black "Enklaar, Bertus F"]
[Result "0-1"]
[WhiteElo "2420"]
[BlackElo "2410"]

1. e4 c5 2. Nf3 e6 3. d4 cxd4 4. Nxd4 a6 5. Bd3 Bc5 6. Nb3 Bb6 7. c4 d6 8.
O-O Nc6 9. Qe2 Nf6 10. Be3 O-O 11. Nc3 Ne5 12. h3 Bxe3 13. Qxe3 Qc7 14.
Rfd1 Rd8 15. c5 dxc5 16. Qxc5 Qxc5 17. Nxc5 Nxd3 18. Nxd3 Bd7 19. f3 Kf8
20. Kf2 Be8 21. Ke3 Rac8 22. Rac1 Ke7 23. g4 Nd7 24. Na4 b5 25. Nc3 Nb6 26.
b3 a5 27. Ne2 f6 28. f4 b4 29. Rxc8 Rxc8 30. Rc1 Rxc1 31. Nexc1 Kd6 32. Kd4
Nd7 33. e5+ Kc6 34. Nb2 fxe5+ 35. fxe5 Nb6 36. Ncd3 Bg6 37. Nc5 Bb1 38.
Nxe6 Bxa2 39. Nc5 Bb1 40. Nbd3 Bc2 41. e6 Kd6 42. Nf4 a4 43. bxa4 Nxa4 44.
Nb7+ Kc7 45. Na5 b3 46. Nc4 Bg6 47. Ke5 b2 48. Nxb2 Nxb2 49. Nxg6 hxg6 50.
Kf4 Nd3+ 51. Kg5 Ne5 52. Kf4 Nc6 53. h4 Kd6 54. Kg5 Ne5 55. h5 gxh5 56.
gxh5 Kxe6 0-1

[Event "?"]
[Site "Open New York, NY USA"]
[Date "1998.??.??"]
[Round "?"]
[White "Torres, Jose Arturo"]
[Black "Smirin, Ilia"]
[Result "0-1"]
[WhiteElo "2235"]
[BlackElo "2590"]

1. e4 c5 2. Nf3 e6 3. d4 cxd4 4. Nxd4 a6 5. Bd3 Bc5 6. Nb3 Be7 7. Qg4 g6 8.
O-O d6 9. Nc3 Nd7 10. f4 Ngf6 11. Qe2 Qc7 12. Bd2 b6 13. Rae1 Bb7 14. e5
Nd5 15. Nxd5 Bxd5 16. exd6 Bxd6 17. c4 Bb7 18. Bc3 O-O 19. Qg4 Nc5 20. Nxc5
Bxc5+ 21. Kh1 Rad8 22. Rd1 Rd7 23. Qh3 Rfd8 24. Bxg6 Bxg2+ 25. Qxg2 hxg6
26. Be5 Bd6 27. Rxd6 Rxd6 28. Qh3 Kf8 29. Qh8+ Ke7 30. Qf6+ Ke8 31. Qh8+
Kd7 32. Qf6 Qc6+ 33. Kg1 Rd2 34. Qxf7+ Kc8 35. Qxg6 Rd1 36. Rxd1 Rxd1+ 37.
Kf2 Qxc4 0-1

[Event "?"]
[Site "Western Class (championnat)"]
[Date "2004.??.??"]
[Round "?"]
[White "Hermansen, Ron"]
[Black "Ehlvest, Jaan"]
[Result "0-1"]
[WhiteElo "2225"]
[BlackElo "2600"]

1. e4 c5 2. Nf3 e6 3. d4 cxd4 4. Nxd4 a6 5. Bd3 Bc5 6. Nb3 Be7 7. Nc3 d6 8.
f4 Nf6 9. Qf3 Nbd7 10. Be3 Qc7 11. a4 b6 12. O-O Bb7 13. Qh3 h5 14. Kh1 Ng4
15. Bg1 Ndf6 16. Rae1 e5 17. fxe5 Nxe5 18. Qe3 Nfd7 19. Nd5 Bxd5 20. exd5
g6 21. Qe2 Qb7 22. Nd4 Bh4 23. Rd1 Bf6 24. Nc6 O-O 25. Nxe5 Bxe5 26. c4 a5
27. Qc2 Nc5 28. Rf3 Kg7 29. Rdf1 Qd7 30. b3 Qe7 31. Qd1 Rae8 32. Bc2 Nd7
33. Qd2 Kg8 34. Rh3 f5 35. b4 axb4 36. Qxb4 Rb8 37. a5 bxa5 38. Qxa5 Rb2
39. Bd1 Qg5 40. Bf3 Rfb8 41. Qe1 R8b3 42. Qh4 Qxh4 43. Rxh4 Rb1 44. Be2
Rxf1 45. Bxf1 Rb1 46. Bd3 Rd1 47. Be2 Re1 48. Bf3 f4 49. g3 Bd4 50. Kg2
Rxg1+ 51. Kh3 Be3 52. gxf4 Bf2 0-1

[Event "?"]
[Site "Team Ch Sweden"]
[Date "1999.??.??"]
[Round "?"]
[White "Winsnes, Rikard"]
[Black "Ahlander, Bjorn"]
[Result "1-0"]
[WhiteElo "2390"]
[BlackElo "2435"]

1. e4 c5 2. Nf3 e6 3. d4 cxd4 4. Nxd4 a6 5. Bd3 Bc5 6. Nb3 Be7 7. Nc3 Nc6
8. f4 d6 9. Qf3 Nf6 10. Bd2 O-O 11. g4 Nb4 12. O-O-O Nd7 13. Kb1 b5 14. Nd5
Nxd3 15. Ba5 exd5 16. Bxd8 N7e5 17. Qg3 Rxd8 18. cxd3 Nxg4 19. Rhg1 Bf6 20.
Rc1 h5 21. h3 h4 22. Qe1 Nh6 23. e5 dxe5 24. fxe5 Be7 25. Nd4 Nf5 26. Rxc8
Nxd4 27. Rc7 Re8 28. Rxe7 Rxe7 29. Qxh4 Nf5 30. Qg4 Rxe5 31. d4 Re6 32.
Qxf5 Rc8 33. Qxd5 Re2 34. h4 Rcc2 35. Qb3 Rcd2 36. h5 Rh2 1-0

[Event "?"]
[Site "32. Rilton Cup"]
[Date "2002.??.??"]
[Round "?"]
[White "Von Bahr, Oskar"]
[Black "Cramling, Pia"]
[Result "1-0"]
[WhiteElo "2320"]
[BlackElo "2505"]

1. e4 c5 2. Nf3 e6 3. d4 cxd4 4. Nxd4 a6 5. Bd3 Bc5 6. Nb3 Be7 7. Qg4 g6 8.
Nc3 d6 9. Be3 Nd7 10. f4 Ngf6 11. Qf3 h5 12. O-O-O Qc7 13. Rhe1 b5 14. Bd4
Bb7 15. h3 h4 16. Qf2 e5 17. fxe5 dxe5 18. Be3 Kf8 19. Rf1 Kg7 20. Nd5 Bxd5
21. exd5 Raf8 22. Qf3 Nh5 23. Rf2 Ng3 24. d6 Bxd6 25. Bg5 Rh5 26. Bd2 b4
27. Bxa6 e4 28. Qe3 Kg8 29. Kb1 Rd5 30. Rc1 Qc6 31. Bf1 Be7 32. Qe1 Re5 33.
Be3 Nf5 34. Nd4 Nxd4 35. Bxd4 Re6 36. c3 Bg5 37. Be3 Bxe3 38. Qxe3 bxc3 39.
Rxc3 Qb6 40. Bc4 Qxe3 41. Rxe3 Re7 42. Rf4 Nc5 43. b4 Rb8 44. a3 Rc7 45.
Ka2 Rd7 46. Rxf7 Rxf7 47. bxc5 Rc8 48. Rxe4 Rxc5 49. Kb3 g5 50. a4 Kg7 51.
Bxf7 Kxf7 52. Kb4 Rc2 53. Rg4 Kf6 54. a5 Ra2 55. Kb5 Rb2+ 56. Rb4 Rxg2 57.
a6 Ra2 58. Kb6 g4 59. Rxg4 Re2 60. Rc4 Rb2+ 61. Kc5 1-0

[Event "?"]
[Site "Congress Aberdeen SCO"]
[Date "1997.??.??"]
[Round "?"]
[White "Mannion, Stephen R"]
[Black "Rowson, Jonathan"]
[Result "0-1"]
[WhiteElo "2380"]
[BlackElo "2445"]

1. e4 c5 2. Nf3 e6 3. d4 cxd4 4. Nxd4 a6 5. Bd3 Bc5 6. Nb3 Be7 7. O-O d6 8.
f4 Qc7 9. Qe2 Nf6 10. c4 Nbd7 11. Nc3 b6 12. Bd2 Bb7 13. Rac1 O-O 14. Kh1
Rfe8 15. Rfe1 Rad8 16. Bb1 g6 17. Nd4 Qb8 18. Nf3 Bf8 19. Rcd1 Bg7 20. Ng5
Nh5 21. Rf1 Qa8 22. Be1 h6 23. Nh3 Nc5 24. Bh4 Rc8 25. Rxd6 Bxc3 26. bxc3
Nxe4 27. Bxe4 Bxe4 28. Rxb6 Rc6 29. Rb4 Rc5 30. Kg1 Qc6 31. Re1 a5 32. Rb5
Rxc4 33. Re5 Bd5 34. Rxh5 gxh5 35. Bf6 Qc5+ 36. Bd4 Rxd4 37. cxd4 Qxd4+ 38.
Kh1 Rb8 39. Qxh5 Qg7 40. Rg1 Rb2 41. Ng5 hxg5 42. fxg5 0-1

[Event "?"]
[Site "Gibtele Masters"]
[Date "2004.??.??"]
[Round "?"]
[White "Al Sayed, Mohamad N"]
[Black "Speck, Nick"]
[Result "1-0"]
[WhiteElo "2445"]
[BlackElo "2380"]

1. e4 c5 2. Nf3 e6 3. d4 cxd4 4. Nxd4 a6 5. Bd3 Bc5 6. Nb3 Be7 7. Qg4 Nf6
8. Qxg7 Rg8 9. Qh6 Nc6 10. Nc3 Rxg2 11. Bd2 Ne5 12. Qh3 Nxd3+ 13. cxd3 Rg6
14. O-O-O d5 15. e5 Ng4 16. Qxh7 d4 17. Ne4 Qc7+ 18. Kb1 Qxe5 19. h3 Nf6
20. Qh8+ Kd7 21. Rhg1 b6 22. Rxg6 fxg6 23. Bg5 Bb7 24. Nxf6+ Kc6 25. Qh4
1-0

[Event "?"]
[Site "olm14 qual GP1 B4 corr ;Corr 2"]
[Date "2000.??.??"]
[Round "?"]
[White "De Groot, Adrianus D"]
[Black "Brezovar, Matjaz"]
[Result "1/2-1/2"]
[WhiteElo "2425"]
[BlackElo "2400"]

1. e4 c5 2. Nf3 e6 3. d4 cxd4 4. Nxd4 a6 5. Bd3 Bc5 6. Nb3 Be7 7. O-O d6 8.
c4 Nf6 9. Nc3 O-O 10. f4 Nc6 11. Be3 b6 12. Qf3 Bb7 13. Qh3 Nb4 14. Bb1 Nd7
15. a3 Nc6 16. Bc2 Re8 17. Rad1 Qc7 18. f5 Nf8 19. Qg3 Nd7 20. c5 bxc5 21.
Nxc5 Nxc5 22. Bxc5 Ne5 23. Bd4 exf5 24. Bb3 Bf6 25. Rxf5 Kh8 26. h4 Qd8 27.
Rf4 Rb8 28. Ba4 Rg8 29. Qf2 Qe7 30. Nd5 Bxd5 31. exd5 a5 32. Re1 Qd8 33.
Re3 Rc8 34. Bc6 Nxc6 35. Bxf6 gxf6 36. dxc6 Rxc6 37. Rxf6 Rc1+ 38. Kh2 Rc2
39. Qxc2 Qxf6 40. Rf3 Qe5+ 41. Kg1 d5 42. Rxf7 Qe1+ 43. Rf1 Qxh4 44. Rd1
Qg3 45. Qf2 Qxf2+ 46. Kxf2 Rd8 47. b4 axb4 48. axb4 Rb8 49. Rb1 Rb5 50. Ke3
1/2-1/2

[Event "?"]
[Site "Puchko Memorial"]
[Date "2000.??.??"]
[Round "?"]
[White "Kozakov, Mikhail"]
[Black "Salinnikov, Denis Y"]
[Result "1-0"]
[WhiteElo "2425"]
[BlackElo "2400"]

1. e4 c5 2. Nf3 e6 3. d4 cxd4 4. Nxd4 Qb6 5. Nc3 Bc5 6. Be3 Nc6 7. Ndb5
Bxe3 8. fxe3 a6 9. Nd6+ Ke7 10. Nc4 Qc7 11. Nd5+ exd5 12. exd5 d6 13. dxc6
bxc6 14. Qd4 Nf6 15. O-O-O Rd8 16. e4 Be6 17. e5 dxe5 18. Qc5+ Ke8 19. Nd6+
Rxd6 20. Rxd6 Bd5 21. Bd3 Qa7 22. Qc3 Qe3+ 23. Kb1 Rb8 24. Re1 Ne4 25.
Qxe5+ 1-0

[Event "?"]
[Site "TCh-CZE Extraliga"]
[Date "2006.??.??"]
[Round "11"]
[White "Priborsky, J"]
[Black "Kalod, Radek"]
[Result "0-1"]
[WhiteElo "2325"]
[BlackElo "2500"]

1. e4 c5 2. Nf3 e6 3. d4 cxd4 4. Nxd4 a6 5. Bd3 Bc5 6. Nb3 Be7 7. Qg4 g6 8.
Qe2 d6 9. Be3 Nd7 10. O-O Qc7 11. a4 b6 12. N1d2 Bb7 13. a5 b5 14. c4 b4
15. Ra4 Ngf6 16. Rxb4 O-O 17. Rc1 Rfb8 18. f3 Nc5 19. Nxc5 dxc5 20. Ra4 Nh5
21. g3 f5 22. Bf2 Rd8 23. Nf1 Rab8 24. Re1 Bf6 25. Ra2 Ba8 26. Bc2 Kg7 27.
e5 Be7 28. Rd1 Qb7 29. Rxd8 Rxd8 30. Bd1 g5 31. Ra3 g4 32. Rb3 Qd7 33. fxg4
Qc6 34. Qf3 Rxd1 35. Qxc6 Bxc6 36. gxh5 Be4 37. Re3 Rb1 38. g4 Rxb2 39.
gxf5 exf5 40. Ng3 Rb1+ 41. Re1 Rxe1+ 42. Bxe1 Bd3 43. Kf2 f4 44. Ne2 Bh4+
45. Kf1 Bxe2+ 46. Kxe2 Bxe1 47. Kxe1 Kf7 48. Kf2 Ke6 49. h6 Kxe5 50. Kf3
Kd4 51. Kxf4 Kxc4 52. Ke5 Kb4 53. Kf6 c4 54. Kg7 c3 55. Kxh7 c2 56. Kg8
c1=Q 57. h7 Qg1+ 58. Kh8 Qxh2 0-1

[Event "?"]
[Site "GM Nancy FRA ;The Week in Ches"]
[Date "2005.??.??"]
[Round "9"]
[White "Rocha, Sergio"]
[Black "Marzolo, Cyril"]
[Result "0-1"]
[WhiteElo "2400"]
[BlackElo "2425"]

1. e4 c5 2. Nf3 e6 3. d4 cxd4 4. Nxd4 a6 5. Bd3 Bc5 6. Nb3 Be7 7. O-O d6 8.
a4 b6 9. Na3 Nf6 10. Qe2 Nbd7 11. Bf4 Bb7 12. a5 b5 13. c4 b4 14. Nc2 Nc5
15. Nxc5 dxc5 16. e5 Nd7 17. Rfd1 Qc7 18. Bg3 O-O-O 19. Be4 Nb8 20. Bxb7+
Qxb7 21. Qg4 g6 22. Qf4 Rxd1+ 23. Rxd1 Rd8 24. Ra1 Bf8 25. h3 Nc6 26. Kh2
h5 27. Ne3 Bg7 28. Qg5 Qc7 29. f4 Rd4 30. Kg1 Qd7 31. f5 exf5 32. Nd5 Qd8
33. Qe3 Kb7 34. b3 h4 35. Bh2 g5 36. Kh1 f4 37. Qe2 Nxe5 38. Bg1 f3 39.
gxf3 Qd7 40. Qg2 Nxc4 41. Bxd4 Bxd4 42. Re1 Ne5 43. f4 gxf4 44. Nxf4+ Qc6
45. Nd5 Qg6 46. Qe4 Qg3 47. Nf4+ Kc7 48. Rc1 Qf3+ 49. Qxf3 Nxf3 50. Ne2 Be3
51. Rc4 Nd2 52. Rxh4 Nxb3 53. Rh7 Nxa5 54. Rxf7+ Kc6 55. Kg2 Nc4 56. Ra7
Kb6 57. Ra8 a5 58. Kf3 Bh6 59. Ke4 Kb5 60. Kd3 Ne5+ 61. Kc2 a4 62. Rh8 Bg7
63. Rg8 Bf6 64. Rf8 Nd7 65. Rf7 Kc6 66. h4 Bxh4 67. Rh7 Bf6 68. Kd3 Ne5+
69. Ke4 Nc4 70. Rh6 Nd6+ 71. Kf4 Bb2 72. Ke3 a3 0-1

[Event "?"]
[Site "op9394 Hastings ENG"]
[Date "1993.??.??"]
[Round "?"]
[White "Forchert, Martin"]
[Black "Mortensen, Erling"]
[Result "0-1"]
[WhiteElo "2325"]
[BlackElo "2500"]

1. e4 c5 2. Nf3 e6 3. d4 cxd4 4. Nxd4 a6 5. Bd3 Bc5 6. Nb3 Be7 7. Nc3 d6 8.
f4 Bh4+ 9. g3 Bf6 10. Bd2 Nc6 11. Qf3 Bd7 12. O-O-O Qc7 13. g4 g6 14. g5
Bd8 15. h4 Nge7 16. h5 Rf8 17. Be3 Nc8 18. Rd2 Be7 19. Rhd1 b5 20. Qf2 Rb8
21. e5 d5 22. Ne4 dxe4 23. Bxe4 Nxe5 24. fxe5 Bc6 25. Nc5 Bxe4 26. Nxe4 f5
27. exf6 Qc4 28. Qg2 Bb4 29. Rd8+ Kf7 30. hxg6+ Kxg6 31. R8d7 Rf7 32. Rxf7
Kxf7 33. Rd4 Qxa2 34. Rxb4 a5 35. Rd4 Nb6 36. Nd6+ Kf8 37. g6 0-1

[Event "?"]
[Site "Open Warsaw POL"]
[Date "1989.??.??"]
[Round "?"]
[White "Kuczynski, Robert"]
[Black "Suetin, Alexei S"]
[Result "1-0"]
[WhiteElo "2450"]
[BlackElo "2370"]

1. e4 c5 2. Nf3 e6 3. d4 cxd4 4. Nxd4 a6 5. Bd3 Bc5 6. Nb3 Bb6 7. Qe2 Nc6
8. Be3 Nf6 9. Nc3 d6 10. O-O-O Bxe3+ 11. Qxe3 e5 12. Be2 O-O 13. Rhg1 Qc7
14. g4 Be6 15. g5 Ne8 16. Kb1 b5 17. h4 Ne7 18. a3 Ng6 19. Nd5 Bxd5 20.
Rxd5 Nf4 21. Rd2 f6 22. Bg4 fxg5 23. hxg5 a5 24. Nc1 b4 25. Ne2 Rb8 26. a4
Kh8 27. Nxf4 Rxf4 28. f3 g6 29. Rh2 Qe7 30. Rgh1 Rf7 31. Bf5 gxf5 32. g6 f4
33. Qb3 Nf6 34. gxf7 Rf8 35. Rd2 d5 36. exd5 Qd6 37. Qc4 Rxf7 38. Qc6 Rd7
39. Qxd6 Rxd6 40. Re1 Nd7 41. Re4 Kg7 42. Rc4 Kf6 43. Rc6 Ke7 44. Rh2 Rxd5
45. Rxh7+ Kd8 46. Kc1 Nc5 47. Rg6 Nd7 48. Rhh6 e4 49. fxe4 Rd4 50. Rd6 Rxe4
51. Rh7 Re7 52. Rxe7 Kxe7 53. Rd4 f3 54. Kd2 Ke6 55. b3 Ne5 56. Ke3 Nc6 57.
Rh4 Kd5 58. Rf4 Ne5 59. Rf8 Nc6 60. Rxf3 Nd4 61. Rf2 Kc5 62. Kd3 1-0

[Event "?"]
[Site "Ch Aberdeen SCO"]
[Date "2001.??.??"]
[Round "?"]
[White "Bryson, Douglas M"]
[Black "Arakhamia-Grant, Ketevan"]
[Result "1/2-1/2"]
[WhiteElo "2375"]
[BlackElo "2445"]

1. e4 c5 2. Nf3 e6 3. d4 cxd4 4. Nxd4 Qb6 5. Nc3 Bc5 6. Na4 Qa5+ 7. c3 Bxd4
8. Qxd4 Nf6 9. Nc5 Nc6 10. Qe3 O-O 11. Be2 Qb6 12. f3 d5 13. O-O e5 14. Qf2
d4 15. Nd3 dxc3 16. Be3 Qc7 17. bxc3 b6 18. c4 Be6 19. Rfc1 Nd7 20. a4 Na5
21. Rab1 Qd8 22. c5 Nb3 23. Rc3 Nbxc5 24. Nxc5 bxc5 25. Bxc5 Nxc5 26. Qxc5
Qd2 27. Rc2 Qg5 28. Ba6 h5 29. Bb7 Rad8 30. Bd5 Rc8 31. Qf2 Rxc2 32. Qxc2
Rc8 33. Qd3 Bh3 34. Qe2 a5 35. Rd1 Rc7 36. Qd2 Qxd2 37. Rxd2 Bd7 38. Bb3
Kf8 39. Rd5 Be6 40. Rb5 Bxb3 41. Rxb3 Rc4 42. Rb5 Rxa4 43. Rxe5 g6 44. h4
Ra2 45. Kh2 Kg7 46. Kg3 Kf6 47. Kf4 a4 48. g3 Rb2 49. Re8 a3 50. e5+ Kg7
51. Ra8 a2 52. g4 hxg4 53. fxg4 Rf2+ 54. Kg3 Re2 55. Kf3 Rxe5 1/2-1/2

[Event "?"]
[Site "FS10 GM Budapest HUN"]
[Date "2001.??.??"]
[Round "?"]
[White "Al Sayed, Mohamad N"]
[Black "Fogarasi, Tibor"]
[Result "1/2-1/2"]
[WhiteElo "2370"]
[BlackElo "2450"]

1. e4 c5 2. Nf3 e6 3. d4 cxd4 4. Nxd4 a6 5. Bd3 Bc5 6. Nb3 Be7 7. Qg4 g6 8.
O-O d6 9. a4 b6 10. Qe2 Nd7 11. Na3 Ne5 12. f4 Nxd3 13. cxd3 Nf6 14. Be3
O-O 15. Nc4 Rb8 16. Nd4 Bb7 17. f5 d5 18. Ne5 Qd6 19. Bf4 Qc5 20. Qf2 dxe4
21. fxe6 e3 22. exf7+ Rxf7 23. Qxe3 Nd5 24. Nxf7 Nxe3 25. Nh6+ Kh8 26. Bxb8
Ng4 27. Nxg4 Qxd4+ 28. Nf2 Bc5 29. Kh1 Qxb2 30. Rae1 Qd2 31. Re8+ Kg7 32.
Be5+ Kh6 33. Ng4+ Kg5 34. Bf4+ Qxf4 35. Rxf4 Kxf4 36. Nf6 h5 37. Rb8 Bc6
38. a5 Bd4 39. Rc8 Bb7 40. Rc7 bxa5 41. Rxb7 Bxf6 42. Rb6 Bc3 43. Rc6 Bb4
44. Re6 g5 45. d4 a4 46. d5 a3 47. Rxa6 Ke5 48. Ra4 Bc5 49. g4 hxg4 50.
Rxg4 Kxd5 51. Rxg5+ Kc4 52. Rg2 Bd4 53. Ra2 1/2-1/2

[Event "?"]
[Site "Elekes Memorial"]
[Date "2002.??.??"]
[Round "?"]
[White "Rajlich, Vasik G"]
[Black "Fogarasi, Tibor"]
[Result "1-0"]
[WhiteElo "2375"]
[BlackElo "2445"]

1. e4 c5 2. Nf3 e6 3. d4 cxd4 4. Nxd4 a6 5. Bd3 Bc5 6. Nb3 Be7 7. c4 d6 8.
Nc3 Nf6 9. O-O b6 10. f4 Nbd7 11. Be3 O-O 12. Qf3 Bb7 13. Qh3 g6 14. Rad1
Qc7 15. f5 exf5 16. exf5 Rfe8 17. fxg6 hxg6 18. Bg5 Nh7 19. Bxg6 fxg6 20.
Qe6+ Kh8 21. Bxe7 Ne5 22. Bf6+ Nxf6 23. Qxf6+ Qg7 24. Qxg7+ Kxg7 25. Rxd6
Re7 26. Rff6 Nxc4 27. Rxg6+ Kh8 28. Rh6+ Kg8 29. Rdg6+ Rg7 30. Nd4 Rxg6 31.
Rxg6+ Kf7 32. Rh6 Rg8 33. Rh7+ Rg7 34. Rxg7+ Kxg7 35. b3 Ne3 36. Nf3 Kf6
37. Kf2 Ng4+ 38. Kg3 Ne3 39. h3 b5 40. Kf2 Nf5 41. Ne2 b4 42. Ng3 Nd6 43.
Ke3 Nb5 44. Ne2 a5 45. g4 Bd5 46. g5+ Kg7 47. Nfd4 Nd6 48. Kf4 Bg8 49. Nf5+
Nxf5 50. Kxf5 Bh7+ 51. Ke5 Bb1 52. Nc1 Kg6 53. h4 Bc2 54. Ne2 Bb1 55. Nf4+
Kg7 56. h5 Bxa2 57. Ne6+ Kg8 58. Nc5 Kg7 59. Kd6 Bb1 60. Kc6 Bc2 61. Kb5
Bd1 62. Ne6+ Kf7 63. h6 Bc2 64. Nd4 Be4 65. Kxa5 Kg6 66. Ne6 Bf5 67. Nf8+
1-0

[Event "?"]
[Site "St Affrique Open"]
[Date "1999.??.??"]
[Round "?"]
[White "Collas, Didier"]
[Black "Rotstein, Arkadij"]
[Result "1-0"]
[WhiteElo "2330"]
[BlackElo "2490"]

1. e4 c5 2. Nf3 e6 3. d4 cxd4 4. Nxd4 a6 5. Bd3 Bc5 6. Nb3 Be7 7. c4 d6 8.
O-O Nf6 9. Nc3 O-O 10. a4 Nbd7 11. a5 b6 12. axb6 Qxb6 13. Na5 Ne5 14. Be2
Bd7 15. Ra2 Rfc8 16. Be3 Qc7 17. f3 Rab8 18. Qd2 Be8 19. Rd1 h6 20. Kh1 Kh7
21. Qe1 g5 22. Rc1 Nh5 23. Qd2 Nf4 24. Bf1 Rb4 25. g3 Nfg6 26. Be2 Qb8 27.
Rc2 Bd8 28. Nb5 Bxa5 29. Rxa5 Rbxc4 30. Bxc4 Nxc4 31. Rxc4 Rxc4 32. Nxd6
Rc6 33. Bc5 Ne5 34. Kg2 f6 35. b4 Bg6 36. g4 Qc7 37. Ra1 Nd7 38. Nb5 Qb7
39. Nd4 Nxc5 40. Nxc6 Nb3 41. Na5 Nxa5 42. Rxa5 h5 43. h3 Bxe4 44. fxe4
Qxe4+ 45. Kg3 h4+ 46. Kf2 Kh6 47. Rxa6 Qe5 48. Qe3 Qh2+ 49. Ke1 Qh1+ 50.
Kd2 Qg2+ 51. Kc3 Qf1 52. Rxe6 Qa1+ 53. Kc4 Qa2+ 54. Qb3 Qf2 55. Kb5 Qf4 56.
Qd5 Qb8+ 57. Kc4 Qf4+ 58. Qd4 Qf1+ 59. Kc5 1-0